| 000 | 00434nam a22001457a 4500 | ||
|---|---|---|---|
| 008 | 230626b |||||||| |||| 00| 0 eng d | ||
| 040 |
_aNational Science Library _cNational Science Library |
||
| 080 |
_aR 65.012:681.3(030) _bP8 |
||
| 245 | _aEncyclopedia of E-collaboration | ||
| 260 |
_aNew York: _bInformation Science Reference, _c2008 |
||
| 300 | _a725p. | ||
| 650 | _aScience | ||
| 653 | _aCollaboration | ||
| 942 |
_2udc _cENC |
||
| 999 |
_c47371 _d47371 |
||